[Event "CZE-ch U14 Girls"]
[Site "Kouty nad Desnou"]
[Date "2024.03.14"]
[Round "7"]
[White "Bartova, Hana"]
[Black "Kammova, Katerina"]
[Result "0-1"]
[WhiteElo "1667"]
[BlackElo "1781"]
[PlyCount "80"]
[EventDate "2024.03.09"]
[EventType "swiss"]
[EventRounds "9"]
[EventCountry "CZE"]
[SourceTitle "CB12_2024"]
[SourceDate "2023.10.01"]
[SourceVersion "1"]
[SourceVersionDate "2023.10.01"]
[SourceQuality "1"]

1. e4 e5 2. Nf3 Nc6 3. Bc4 Bc5 4. c3 Nf6 5. d4 exd4 6. cxd4 Bb4+ 7. Bd2 Bxd2+ 8. Nbxd2 d6 9. 0-0 0-0 10. a3 d5 11. exd5 Nxd5 12. Nb3 Bf5 13. Ne5 Nce7 14. Re1 h6 15. Nc5 Rb8 16. g4 Bc8 17. Qf3 c6 18. Ne4 Ng6 19. Nc3 Nxe5 20. dxe5 Nxc3 21. bxc3 Qh4 22. h3 h5 23. Re4 hxg4 24. hxg4 Be6 25. Kg2 Bxc4 26. Rxc4 f5 27. Rh1 Qe7 28. Rf4 fxg4 29. Qxg4 Qxe5 30. Re4 Qf5 31. Qe2 Qg5+ 32. Rg4 Qd5+ 33. Kg1 Rbe8 34. Rxg7+ Kxg7 35. Qg4+ Kf6 36. Qf4+ Ke7 37. Qc7+ Ke6 38. Rh6+ Rf6 39. Rxf6+ Kxf6 40. Qf4+ Kg6 0-1

[Event "CZE-ch U14 Girls"]
[Site "Kouty nad Desnou"]
[Date "2024.03.13"]
[Round "6"]
[White "Kammova, Katerina"]
[Black "Kubatova, Beta"]
[Result "1-0"]
[WhiteElo "1781"]
[BlackElo "1666"]
[PlyCount "123"]
[EventDate "2024.03.09"]
[EventType "swiss"]
[EventRounds "9"]
[EventCountry "CZE"]
[SourceTitle "CB12_2024"]
[SourceDate "2023.10.01"]
[SourceVersion "1"]
[SourceVersionDate "2023.10.01"]
[SourceQuality "1"]

1. e4 c6 2. d4 d5 3. e5 Bf5 4. c4 e6 5. Nc3 Ne7 6. a3 a6 7. Be2 Nd7 8. c5 Bg6 9. h4 h6 10. Nf3 Nc8 11. h5 Bh7 12. 0-0 Be7 13. Bd3 Bxd3 14. Qxd3 0-0 15. Bd2 b6 16. b4 b5 17. Rfe1 Re8 18. Ne2 Nf8 19. Nf4 Nh7 20. Nh3 Ra7 21. Kf1 Bg5 22. Ke2 Bxd2 23. Qxd2 f5 24. Kd1 a5 25. Kc2 axb4 26. axb4 Ree7 27. Kb2 Qe8 28. Nf4 Ra4 29. Rxa4 bxa4 30. Ra1 Ra7 31. Qd1 Ng5 32. Nd2 Qd7 33. f3 Ne7 34. Rxa4 Rxa4 35. Qxa4 Kf7 36. Nb3 Nh7 37. Na5 Nf8 38. Kc3 g5 39. hxg6+ Nfxg6 40. Nxg6 Kxg6 41. Nb3 Qb7 42. Qa5 Qb8 43. Qb6 Qc8 44. Na5 h5 45. Qb7 Qe8 46. b5 cxb5 47. c6 b4+ 48. Kb2 Nc8 49. Qd7 Qg8 50. c7 Kh6 51. g3 f4 52. Qd8 Kh7 53. g4 hxg4 54. Qh4+ Kg7 55. Qxg4+ Kh7 56. Qxf4 Qg2+ 57. Kb3 Qg7 58. Qh4+ Kg8 59. Qd8+ Qf8 60. Nc6 Kg7 61. Qd7+ Kh8 62. Qxe6 1-0

[Event "CZE-ch U14 Girls"]
[Site "Kouty nad Desnou"]
[Date "2024.03.12"]
[Round "5"]
[White "Kammova, Katerina"]
[Black "Hladka, Leontyna"]
[Result "1-0"]
[WhiteElo "1781"]
[BlackElo "1683"]
[PlyCount "162"]
[EventDate "2024.03.09"]
[EventType "swiss"]
[EventRounds "9"]
[EventCountry "CZE"]
[SourceTitle "CB12_2024"]
[SourceDate "2023.10.01"]
[SourceVersion "1"]
[SourceVersionDate "2023.10.01"]
[SourceQuality "1"]

1. d4 Nf6 2. c4 e6 3. Nf3 d5 4. g3 Bb4+ 5. Bd2 Bxd2+ 6. Nbxd2 0-0 7. Bg2 Nbd7 8. 0-0 c5 9. cxd5 exd5 10. dxc5 Nxc5 11. Nb3 Qb6 12. Nfd4 Nxb3 13. Nxb3 Rd8 14. Qd4 Qxd4 15. Nxd4 Be6 16. Rac1 Rac8 17. Rfd1 a6 18. f3 Rc4 19. Nxe6 Rxc1 20. Rxc1 fxe6 21. Bh3 Kf7 22. e3 g5 23. Kf2 Rd6 24. b4 Ke7 25. Ke2 Kd7 26. Kd2 Kd8 27. a3 Ne8 28. Kd3 Nc7 29. a4 Rb6 30. Kc3 Rc6+ 31. Kb2 Rb6 32. Kb3 Rd6 33. Rc2 h6 34. Rc1 Rb6 35. Rd1 Ke7 36. Rc1 Kd8 37. Rc3 Rd6 38. Bg4 Rd7 39. Rd3 Ke7 40. f4 gxf4 41. exf4 Kf6 42. Kc3 Rg7 43. Bf3 Ne8 44. Kd4 Kf5 45. Re3 Nd6 46. Be2 Kf6 47. Rc3 Nf5+ 48. Kd3 Nd6 49. Ke3 Nf5+ 50. Kf2 Nd4 51. Bd1 Nf5 52. Bf3 Nd4 53. Bg2 Nf5 54. b5 axb5 55. axb5 Nd6 56. Rc5 b6 57. Rc6 Nxb5 58. Bxd5 Nc7 59. Bb3 b5 60. Ke3 Re7 61. Kd4 Kf5 62. h3 Rg7 63. Bc2+ Kf6 64. g4 Rd7+ 65. Kc5 Kg7 66. Bb3 Kf8 67. Bxe6 Nxe6+ 68. Rxe6 Kg7 69. Re3 Rf7 70. f5 h5 71. Kxb5 hxg4 72. hxg4 Kf6 73. Re6+ Kg5 74. Rg6+ Kf4 75. Kc5 Ke5 76. Kb6 Kf4 77. f6 Ke5 78. g5 Kf5 79. Rg7 Rf8 80. f7 Ke6 81. g6 Kd5 1-0

[Event "Ricany op"]
[Site "Ricany"]
[Date "2023.09.01"]
[Round "8"]
[White "Jirousek, Tadeas"]
[Black "Kammova, Katerina"]
[Result "1-0"]
[WhiteElo "1791"]
[BlackElo "1487"]
[PlyCount "51"]
[EventDate "2023.08.26"]
[EventType "swiss"]
[EventRounds "9"]
[EventCountry "CZE"]
[SourceTitle "EXT 2024"]
[Source "ChessBase"]
[SourceDate "2023.10.10"]
[SourceVersion "1"]
[SourceVersionDate "2023.10.10"]
[SourceQuality "1"]

1. d4 d5 2. Nf3 Nf6 3. e3 c5 4. Bd3 Nc6 5. 0-0 Bg4 6. c3 e6 7. Nbd2 Bd6 8. Re1 Qc7 9. h3 Bh5 10. dxc5 Bxc5 11. e4 dxe4 12. Nxe4 Nxe4 13. Bxe4 Bg6 14. Ng5 Bxe4 15. Nxe4 Be7 16. Qg4 Bf8 17. Bf4 e5 18. Rad1 Qc8 19. Nd6+ Bxd6 20. Qxg7 Ne7 21. Qxh8+ Kd7 22. Rxd6+ Kxd6 23. Qxe5+ Kc6 24. Qd6+ Kb5 25. a4+ Kxa4 26. Qb4# 1-0

[Event "Ricany op"]
[Site "Ricany"]
[Date "2023.08.29"]
[Round "5"]
[White "Kammova, Katerina"]
[Black "Ocelak, David"]
[Result "1/2-1/2"]
[WhiteElo "1487"]
[BlackElo "1640"]
[PlyCount "57"]
[EventDate "2023.08.26"]
[EventType "swiss"]
[EventRounds "9"]
[EventCountry "CZE"]
[SourceTitle "EXT 2024"]
[Source "ChessBase"]
[SourceDate "2023.10.10"]
[SourceVersion "1"]
[SourceVersionDate "2023.10.10"]
[SourceQuality "1"]

1. e4 d6 2. d4 Nf6 3. Nc3 g6 4. f4 Bg7 5. Nf3 0-0 6. Be2 Nbd7 7. 0-0 e5 8. fxe5 dxe5 9. dxe5 Ng4 10. Bg5 Qe8 11. Nd5 Ndxe5 12. Nxe5 Qxe5 13. Ne7+ Kh8 14. Bxg4 Qxg5 15. Nxc8 f5 16. exf5 gxf5 17. Bf3 Raxc8 18. c3 Rcd8 19. Qb3 b6 20. Rad1 Be5 21. Rxd8 Rxd8 22. Rd1 Rg8 23. Qf7 Qf4 24. Qh5 Bd6 25. Kh1 Rg6 26. b3 Kg7 27. g3 Qe5 28. Qh4 c5 29. Qd8 1/2-1/2

[Event "CZE-ch U14 Girls"]
[Site "Teplice"]
[Date "2023.03.15"]
[Round "6"]
[White "Bartova, Hana"]
[Black "Kammova, Katerina"]
[Result "0-1"]
[WhiteElo "1351"]
[BlackElo "1454"]
[PlyCount "112"]
[EventDate "2023.03.11"]
[EventType "swiss"]
[EventRounds "9"]
[EventCountry "CZE"]
[SourceTitle "CBM 213 Extra"]
[Source "ChessBase"]
[SourceDate "2023.05.31"]
[SourceVersion "1"]
[SourceVersionDate "2023.05.31"]
[SourceQuality "1"]

1. e4 c5 2. Nf3 e6 3. d4 cxd4 4. Nxd4 Nc6 5. c4 Qc7 6. Nxc6 Qxc6 7. Nd2 Bb4 8. Qc2 d5 9. exd5 exd5 10. a3 Bxd2+ 11. Bxd2 dxc4 12. Be2 Be6 13. 0-0 Ne7 14. Qc3 0-0 15. Qg3 Nf5 16. Qc3 Rfd8 17. Rad1 Nd4 18. Rfe1 Nxe2+ 19. Rxe2 Bg4 20. f3 Bf5 21. Rde1 Bd3 22. Re5 Re8 23. Qd4 b6 24. Qg4 Rxe5 25. Rxe5 Re8 26. Bc3 Rxe5 27. Bxe5 Bg6 28. Qd4 Qe8 29. Kf2 f6 30. Bf4 Bd3 31. Qe3 Qxe3+ 32. Kxe3 Kf7 33. Bb8 a6 34. a4 Bf5 35. Ba7 b5 36. axb5 axb5 37. Kd4 Bd7 38. Bc5 Ke6 39. Bb4 g6 40. f4 Kf5 41. Ke3 Bc6 42. g3 h5 43. h4 Kg4 44. Kf2 g5 45. fxg5 fxg5 46. Be7 gxh4 47. gxh4 Kf4 48. Bg5+ Ke4 49. Ke2 Kd4 50. Be3+ Kd5 51. Kd2 b4 52. Bf2 Bd7 53. Be3 Bf5 54. Bf2 Kc6 55. Ke3 c3 56. bxc3 b3 0-1

[Event "CZE-ch U12"]
[Site "Herlikovice"]
[Date "2021.10.27"]
[Round "5"]
[White "Slivova, Linda"]
[Black "Kammova, Katerina"]
[Result "1-0"]
[WhiteElo "1257"]
[BlackElo "1420"]
[PlyCount "81"]
[EventDate "2021.10.23"]
[EventType "swiss"]
[EventRounds "9"]
[EventCountry "CZE"]
[SourceTitle "EXT 2023"]
[Source "ChessBase"]
[SourceDate "2022.10.05"]
[SourceVersion "1"]
[SourceVersionDate "2022.10.05"]
[SourceQuality "1"]

1. e4 e6 2. d3 d5 3. Nd2 Nf6 4. Ngf3 Bb4 5. c3 Be7 6. g3 0-0 7. Bg2 c5 8. 0-0 Nc6 9. e5 Nd7 10. Re1 f6 11. exf6 Rxf6 12. Qe2 Nf8 13. Nf1 Rg6 14. h4 Qd6 15. h5 Rf6 16. h6 gxh6 17. N1h2 Rg6 18. Ne5 Nxe5 19. Qxe5 Qd7 20. Nf3 Qc6 21. Qh5 Nd7 22. Nh4 Bxh4 23. Qxh4 e5 24. c4 Qf6 25. Qxf6 Nxf6 26. Rxe5 dxc4 27. dxc4 Nd7 28. Re7 Rb8 29. Be4 Rg4 30. Bxh7+ Kf8 31. Re4 Rg7 32. Bxh6 Nf6 33. Rf4 Kf7 34. Bxg7 Kxg7 35. Bf5 Bxf5 36. Rxf5 b6 37. Re1 Kf7 38. g4 Rg8 39. g5 Kg6 40. Rxf6+ Kxg5 41. Rfe6 1-0

[Event "CZE-ch U12"]
[Site "Herlikovice"]
[Date "2021.10.25"]
[Round "3"]
[White "Kammova, Katerina"]
[Black "Pavelka, Ondrej"]
[Result "1-0"]
[WhiteElo "1420"]
[BlackElo "1210"]
[PlyCount "55"]
[EventDate "2021.10.23"]
[EventType "swiss"]
[EventRounds "9"]
[EventCountry "CZE"]
[SourceTitle "EXT 2023"]
[Source "ChessBase"]
[SourceDate "2022.10.05"]
[SourceVersion "1"]
[SourceVersionDate "2022.10.05"]
[SourceQuality "1"]

1. e4 e5 2. Nf3 Nc6 3. d4 d6 4. Bc4 Nf6 5. Nc3 Be7 6. 0-0 0-0 7. Be3 Be6 8. Bd3 Bg4 9. Be2 Qd7 10. h3 Be6 11. d5 Bxh3 12. dxc6 bxc6 13. gxh3 Qxh3 14. Ng5 Qh4 15. Nf3 Qh3 16. Nh2 Rab8 17. Bg4 Qh4 18. Qf3 Nxg4 19. Qxg4 Qxg4+ 20. Nxg4 Rxb2 21. Rab1 Rfb8 22. Rxb2 Rxb2 23. Rb1 Rxc2 24. Rb8+ Bf8 25. Nh6+ gxh6 26. Bxh6 Rc1+ 27. Kg2 Rxc3 28. Rxf8# 1-0

[Event "CZE-ch U12"]
[Site "Herlikovice"]
[Date "2021.10.24"]
[Round "2"]
[White "Ocelak, Lukas"]
[Black "Kammova, Katerina"]
[Result "1-0"]
[WhiteElo "1304"]
[BlackElo "1420"]
[PlyCount "71"]
[EventDate "2021.10.23"]
[EventType "swiss"]
[EventRounds "9"]
[EventCountry "CZE"]
[SourceTitle "EXT 2023"]
[Source "ChessBase"]
[SourceDate "2022.10.05"]
[SourceVersion "1"]
[SourceVersionDate "2022.10.05"]
[SourceQuality "1"]

1. e4 e6 2. d4 d5 3. Nd2 Nf6 4. e5 Nfd7 5. Ndf3 c5 6. c3 Nc6 7. Bd3 Be7 8. Ne2 Qb6 9. 0-0 0-0 10. Bc2 Re8 11. Qd3 Nf8 12. Rb1 f6 13. Rd1 cxd4 14. Nexd4 Bc5 15. Bf4 f5 16. b4 Be7 17. Ba4 Bd7 18. Bxc6 bxc6 19. Ng5 Qd8 20. Qg3 c5 21. bxc5 Bxc5 22. Ngf3 Ng6 23. Bg5 Qa5 24. Nh4 Nxh4 25. Bxh4 Ba4 26. Rb7 Bf8 27. Bf6 g6 28. Qh3 h6 29. Qg3 g5 30. Bxg5 Re7 31. Bxe7+ Kf7 32. Bh4+ Bd7 33. Rxd7+ Ke8 34. Re7+ Bxe7 35. Bxe7 Kxe7 36. Nc6+ 1-0

[Event "CZE-ch U10 Girls"]
[Site "Kouty nad Desnou"]
[Date "2020.03.09"]
[Round "3"]
[White "Slivova, Linda"]
[Black "Kammova, Katerina"]
[Result "0-1"]
[WhiteElo "1208"]
[BlackElo "1295"]
[PlyCount "102"]
[EventDate "2020.03.07"]
[EventType "swiss"]
[EventRounds "7"]
[EventCountry "CZE"]
[SourceTitle "CBM 195 Extra"]
[Source "ChessBase"]
[SourceDate "2020.05.31"]
[SourceVersion "1"]
[SourceVersionDate "2020.05.31"]
[SourceQuality "1"]

1. e4 e5 2. d4 exd4 3. Qxd4 Nc6 4. Qe3 Nf6 5. Nc3 b6 6. Bd2 Bb7 7. 0-0-0 Bc5 8. Qg3 g6 9. Be2 Qe7 10. f3 0-0-0 11. Nb5 d6 12. Nh3 h6 13. Nf4 g5 14. Nd3 Nd4 15. Nxd4 Bxd4 16. Nb4 Kb8 17. Bb5 Qe6 18. Bc6 a5 19. Bxb7 Kxb7 20. Nd5 Nxd5 21. exd5 Qxd5 22. Bc3 Be3+ 23. Bd2 Bxd2+ 24. Rxd2 Qxa2 25. Rdd1 Qa1+ 26. Kd2 Qxb2 27. Qf2 c5 28. Ke1 Rhe8+ 29. Kf1 Qb5+ 30. Kg1 Qe2 31. Rd5 Qxf2+ 32. Kxf2 Kc6 33. Rhd1 Re6 34. Kg3 a4 35. R5d3 Ra8 36. Ra3 Re7 37. c4 b5 38. cxb5+ Kxb5 39. Rb1+ Kc4 40. Rb2 d5 41. Kg4 d4 42. Kh5 Kd5 43. Rb5 Re3 44. Ra2 d3 45. Rbb2 a3 46. Rb3 Kd4 47. Raxa3 Rxa3 48. Rxa3 d2 49. Ra7 c4 50. Rd7+ Kc3 51. Kxh6 Rd3 0-1

[Event "CZE-ch U10 Girls"]
[Site "Kouty nad Desnou"]
[Date "2020.03.07"]
[Round "1"]
[White "Kubickova, Linda"]
[Black "Kammova, Katerina"]
[Result "0-1"]
[WhiteElo "1088"]
[BlackElo "1295"]
[PlyCount "58"]
[EventDate "2020.03.07"]
[EventType "swiss"]
[EventRounds "7"]
[EventCountry "CZE"]
[SourceTitle "CBM 195 Extra"]
[Source "ChessBase"]
[SourceDate "2020.05.31"]
[SourceVersion "1"]
[SourceVersionDate "2020.05.31"]
[SourceQuality "1"]

1. e4 e5 2. Nf3 Nc6 3. Nc3 Nf6 4. Bb5 Be7 5. 0-0 0-0 6. d3 d5 7. Bg5 Nd4 8. Ba4 Bg4 9. h3 Nxf3+ 10. gxf3 Bxh3 11. Re1 Be6 12. Bxf6 Bxf6 13. Kh2 Bg5 14. Rg1 d4 15. Nb5 c6 16. Na3 Qf6 17. Kg3 h5 18. Kh2 h4 19. Qf1 Qf4+ 20. Kg2 h3+ 21. Kh1 Qxf3+ 22. Kh2 Bf4+ 23. Rg3 Bxg3+ 24. fxg3 Qxf1 25. Rxf1 g5 26. Rf6 Kg7 27. Rf1 Rh8 28. Kh1 Rh6 29. Kg1 Kg6 0-1